The Development of forgetting and reminiscence /

Bibliographic Details
Other Authors: Brainerd, Charles J.
Format: Book
Language:English
Published: Chicago : University of Chicago Press for the Society for Research in Child Development, 1990.
Series:Monographs of the Society for Research in Child Development ; v. 55, no. 3-4.
Subjects:

MARC

Tag First Indicator Second Indicator Subfields
LEADER 00000cam a2200000 a 4500
001 in00000984249
005 20150927153641.0
008 901218s1990 ilu b 00010 eng d
020 |a 0226070956 
035 |a (OCoLC)22869625 
035 |9 AEY0187AM 
040 |a JDR  |c JDR  |d PIT  |d ZRS  |d UtOrBLW 
049 |a TXAM 
090 |a BF723.M4  |b D29 1990x 
090 |a LB1103  |b .S6 v. 55, no. 3-4 
245 0 4 |a The Development of forgetting and reminiscence /  |c C.J. Brainerd [and others] ; with commentary by Robert E. Guttentag, and a reply by the authors. 
264 1 |a Chicago :  |b University of Chicago Press for the Society for Research in Child Development,  |c 1990. 
300 |a vi, 113 pages ;  |c 23 cm. 
336 |a text  |b txt  |2 rdacontent 
337 |a unmediated  |b n  |2 rdamedia 
338 |a volume  |b nc  |2 rdacarrier 
490 1 |a Monographs of the Society for Research in Child Development,  |x 0037-976X ;  |v serial no. 222 = vol. 55, nos. 3-4 
500 |a Title on spine: Forgetting and reminiscence. 
504 |a Includes bibliographies. 
650 0 |a Memory in children. 
650 0 |a Memory in infants. 
650 0 |a Memory in youth. 
650 0 |a Reminiscing. 
700 1 |a Brainerd, Charles J. 
740 0 |a Forgetting and reminiscence. 
830 0 |a Monographs of the Society for Research in Child Development ;  |v v. 55, no. 3-4. 
999 |a MARS 
999 f f |s 5f4aa512-3e0b-3bc5-9011-6cb3ad3226dd  |i 9c83c51c-8e3e-352e-aea9-ac42345f2bd6  |t 0 
952 f f |p normal  |a Texas A&M University  |b College Station  |c Sterling C. Evans Library  |d Evans: Library Stacks  |t 0  |e LB1103 .S6 v.55 no.3-4  |h Library of Congress classification  |i unmediated -- volume  |m A14813762359 
998 f f |a LB1103 .S6 v.55 no.3-4  |t 0  |l Evans: Library Stacks